000 00684nam a2200229Ia 4500
003 OSt
005 20221007071757.0
006 a|||||r|||| 00| 0
007 ta
008 221006b |||||||| |||| 00| 0 eng d
024 _a15,275
037 _cReports / Technical Reports
040 _aFLL
_cFLL
_beng
041 _2eng
_aeng
082 _aX:9583.3.N7t, L8.2
245 0 _aRoyal commission on civil liability and compensation for personal injury
260 _aLondon
_bHer majesty's stationery office London
_c1978
300 _a259p
_ccm.
490 _vVol.2
942 _hX:9583.3.N7t, L8.2
_cREP
_2CC
999 _c1144283
_d1144283